| 000 | 00943cab a2200241 4500 | ||
|---|---|---|---|
| 001 | WB3111-52 | ||
| 008 | 090401t1995 xxu||||| |||| 00| 0 eng d | ||
| 035 | _a(Sirsi) u29380 | ||
| 041 | _aeng | ||
| 245 | _aRoadbuilding programme | ||
| 260 | _c1995 | ||
| 350 | _a0 | ||
| 490 |
_aIndependent _v13 March 1995, 1 |
||
| 520 | _aCost overruns, administration and political pressure are slowing progress of the roadbuilding programme, with only 6 of 22 schemes planned to start in the year ending 31 March 1995. Also blamed is a prospect of paying compensation for a fall in property values suffered by blighted property, so far not accepted by the DTp. | ||
| 650 | _aBLIGHT | ||
| 650 | _aCOMPENSATION | ||
| 650 | _aHIGHWAYS AGENCY | ||
| 650 | _aROADBUILDING PROGRAMME | ||
| 650 | _aPROPERTY-INFRASTRUCTURE-TRANSPORT INFRASTRUCTURE-ROAD INFRASTRUCTURE | ||
| 690 | _aTRANSPORT AND COMMUNICATIONS | ||
| 942 | _n0 | ||
| 948 | _c04/03/1997 | ||
| 999 |
_c19793 _d19793 |
||